Jugoslávie: výsledky anti-inflačního programu.
Analýza vzťahov medzi ekonomickými výsledkami a základnými črtami ekonomického systému. Ukazovatele výkonnosti ekonomiky. Zdroje inflácie (osobné príjmy, inflačné financovanie investícií, fiškálny systém). Monetárna politika. Šoková terapia ako neprimeraná protiinflačná metóda. Inflácia v r. 1990. R...
Salvato in:
| Autore principale: | |
|---|---|
| Natura: | Capitolo di libro |
| Lingua: | ceco |
| Soggetti: | |
| Tags: |
Nessun Tag, puoi essere il primo ad aggiungerne!!
|
MARC
| LEADER | 00000naa a2200000 4500 | ||
|---|---|---|---|
| 001 | r012556 | ||
| 005 | 20220826094827.3 | ||
| 041 | 0 | |a cze | |
| 044 | |a CZ | ||
| 245 | 1 | 0 | |a Jugoslávie: výsledky anti-inflačního programu. |c E. Žižmond |
| 520 | |a Analýza vzťahov medzi ekonomickými výsledkami a základnými črtami ekonomického systému. Ukazovatele výkonnosti ekonomiky. Zdroje inflácie (osobné príjmy, inflačné financovanie investícií, fiškálny systém). Monetárna politika. Šoková terapia ako neprimeraná protiinflačná metóda. Inflácia v r. 1990. Rozpad Juhoslávie. | ||
| 610 | 2 | 0 | |a vývoj hospodársky |
| 610 | 2 | 0 | |a inflácia |
| 610 | 2 | 0 | |a SFRJ |
| 610 | 2 | 0 | |a príjmy osobné |
| 610 | 2 | 0 | |a financovanie investícií |
| 610 | 2 | 0 | |a politika fiškálna |
| 610 | 2 | 0 | |a politika peňažná |
| 610 | 2 | 0 | |a stabilizácia hospodárstva |
| 610 | 2 | 0 | |a 1989-1991 |
| 100 | 1 | |a Žižmond, E. | |